| 000 | 00799nam a2200229 i 4500 | ||
|---|---|---|---|
| 001 | 186997 | ||
| 003 | SpMaBN | ||
| 005 | 20250928144914.0 | ||
| 008 | 170324s1982 sp |||| | spa d | ||
| 020 | _a84-7472-034-6 | ||
| 080 | _a821.411.21(611)-31"19" | ||
| 100 | 1 |
_aHuragyyif, al-Basir. _9162163 |
|
| 245 | 1 | 0 |
_aBarg el-Lil / _cBasir Jrayyef ; traducción [e introducción] de Ana Ramos. |
| 260 |
_aMadrid : _bInstituto Hispano-Árabe de Cultura, _c1982. |
||
| 300 |
_a118 p. ; _c20 cm. |
||
| 490 | 1 |
_aColección autores árabes contemporáneos ; _v16 |
|
| 700 | 1 |
_aRamos Calvo, Ana _9162164 |
|
| 710 | 2 |
_aInstituto Hispano-Árabe de Cultura. _9162165 |
|
| 830 | 0 |
_aColección autores árabes contemporáneos ; _v16 _9225491 |
|
| 852 |
_aES-MaACL _jL-31315 |
||
| 999 |
_c186997 _d186997 |
||